| 000 | 02498cam a22005414i 4500 | ||
|---|---|---|---|
| 003 | PE-LiUPU | ||
| 005 | 20250731173121.0 | ||
| 008 | 150623s1997 sp a rb 000 0 spa d | ||
| 020 | _a8476459440 | ||
| 035 | _a(Sirsi) i9788476459447 | ||
| 040 |
_aPE-LiUPU _bspa _cPE-LiUPU _erda |
||
| 049 | _aPRUA | ||
| 082 | 0 | 4 |
_a273.9 _bC88 _221 |
| 100 | 1 |
_aCruz, Antonio, _eautor. |
|
| 245 | 1 | 0 |
_aPostmodernidad : _bel evangelio ante el desafío del bienestar / _cAntonio Cruz. |
| 264 | 1 |
_aEspaña : _bEditorial Clie, _c1997. |
|
| 300 |
_a239 páginas : _bilustraciones, gráficos ; _c24 centímetros |
||
| 336 |
_atext _2rdacontent |
||
| 337 |
_aunmediated _2rdamedia |
||
| 338 |
_avolume _2rdacarrier |
||
| 490 | 0 | _aRecursos | |
| 504 | _aIncluye bibliografía. | ||
| 505 | 0 | _aDos maneras de ver el mundo. -La cultura moderna. -La cultura posmoderna. -Comparación de valores entre modernidad y posmodernidad. -Fe y religión en la postmodernidad. -Comparación entre religiosidad moderna y postmoderna. -El evangelio para un mundo en transición. | |
| 526 | _aSEG42 | ||
| 526 | _aSEG41 | ||
| 526 | _aSEG40 | ||
| 526 | _aSEG39 | ||
| 526 | _aP94 | ||
| 526 | _aP87 | ||
| 526 | _aP86 | ||
| 526 | _aP85 | ||
| 526 | _aP77 | ||
| 526 | _aP76 | ||
| 526 | _aP35 | ||
| 541 | _g001-0014464; | ||
| 650 | 0 | 4 |
_aIglesia _ySiglo XX. |
| 942 |
_2ddc _cBOOK |
||
| 949 |
_a273.9 C88 _wDEWEY _c1 _i49552 _lCCODEBUL1 _mBUL _r0 _sY _tBOOK _u2015-6-24 _xTEOLOGIA _PP35 _0COMPRA _o.STAFF. Colección Teología |
||
| 949 |
_a273.9 C88 _wDEWEY _c2 _i50630 _lCCODEBUL1 _mBUL _r0 _sY _tBOOK _u2015-6-24 _xTEOLOGIA _PP35 _0COMPRA _o.STAFF. Colección Teología |
||
| 949 |
_a273.9 C88 _wDEWEY _c3 _i55560 _d2015-11-30 _e2015-11-29 _lCCODEBUL1 _mBUL _n1 _p8.00 _r0 _sY _tBOOK _u2015-6-24 _xTEOLOGIA _PP35 _0COMPRA _o.STAFF. Colección Teología |
||
| 994 |
_aC0 _bPEPRU |
||
| 596 | _a1 | ||
| 999 |
_a273.9 C88 _wDEWEY _c32320 _i49552 _d32320 _e2018-6-19 _f2021-11-12 _g5 _lCCODEBUL1 _mBUL _n5 _p28.00 _r0 _sY _tBOOK _u2015-6-24 _xTEOLOGIA _PP35 _0COMPRA _o.STAFF. Colección General |
||
| 999 |
_a273.9 C88 _wDEWEY _c2 _i50630 _d2017-7-2 _e2017-6-30 _f2021-11-11 _g5 _lCCODEBUL1 _mBUL _n3 _p8.00 _r0 _sY _tBOOK _u2015-6-24 _xTEOLOGIA _PP35 _0COMPRA _o.STAFF. Colección Teología |
||
| 999 |
_a273.9 C88 _wDEWEY _c3 _i55560 _d2018-11-29 _e2018-7-11 _f2021-11-11 _g5 _lCCODEBUL1 _mBUL _n3 _p8.00 _q2 _r0 _sY _tBOOK _u2015-6-24 _xTEOLOGIA _PP35 _0COMPRA _o.STAFF. Colección Teología |
||
| 980 |
_81 _gALBERTO SANCHEZ Responsable de Automatización |
||